| 000 -LEADER |
| fixed length control field |
01297nam a22001577a 4500 |
| 008 - FIXED-LENGTH DATA ELEMENTS--GENERAL INFORMATION |
| fixed length control field |
201212b ||||| |||| 00| 0 eng d |
| 100 ## - MAIN ENTRY--PERSONAL NAME |
| Personal name |
Tsilipakos, Leonidas. |
| 245 ## - TITLE STATEMENT |
| Title |
Descriptive accuracy in history: The case of narrative explanations |
| 260 ## - PUBLICATION, DISTRIBUTION, ETC. (IMPRINT) |
| Place of publication, distribution, etc |
Philosophy of The Social Sciences |
| 300 ## - PHYSICAL DESCRIPTION |
| Extent |
50(4), Jul, 2020: p,283-312 |
| 520 ## - SUMMARY, ETC. |
| Summary, etc |
This article discusses the issue of the conceptual accuracy of descriptions of social life, which, although fundamental for the social sciences, has in fact been neglected. I approach this task via an examination of Paul Roth’s recent work, which recapitulates reflection in analytic philosophy of history and sets out a view of the past as indeterminate until retrospectively constructed in historical narratives. I argue that Roth’s position embraces an overly restricted notion of historical significance and underestimates how anachronistic descriptions vitiate central historiographical tasks. I contend that the importance of conceptually accurate descriptions for history and the social sciences cannot be overstated. - Reproduced |
| 650 ## - SUBJECT ADDED ENTRY--TOPICAL TERM |
| Topical term or geographic name as entry element |
Description, Concepts, Accuracy, History, Narrative sentences, Narrative explanation |
| 9 (RLIN) |
19616 |
| 773 ## - HOST ITEM ENTRY |
| Main entry heading |
Philosophy of The Social Sciences |
| 906 ## - LOCAL DATA ELEMENT F, LDF (RLIN) |
| Subject DIP |
CONCEPTS |
| 942 ## - ADDED ENTRY ELEMENTS (KOHA) |
| Item type |
Articles |